000 00697nam a22001697a 4500
999 _c61111
_d61111
005 20231220115948.0
008 231220s1963 ru ||||| |||| 00| 0 rus d
041 _arus
080 _a821.14'01-3 Э-46
100 _aЭлиан, К.
_920802
245 _aПестрые рассказы /
_cЭлиан; пер. с древнегреч. С. В. Поляковой.
264 _aМосква ; Ленинград :
_bИздательство Академии наук СССР,
_c1963.
300 _a185 c. :
_bил. ;
_c22 cм.
440 _aЛитературные Памятники
_920365
653 _aბერძნული მოთხრობები
942 _2udc
_cᲬᲘᲒᲜᲘ